[Event "Ruhrgebiet Verbandsklasse Gruppe 2 1516"]
[Site "Germany"]
[Date "2015.11.29"]
[Round "4.8"]
[White "Rotthaus, Peter"]
[Black "Gitschel, Ralf"]
[Result "0-1"]
[WhiteElo "1591"]
[BlackElo "1852"]
[PlyCount "72"]
[EventDate "2015.09.06"]
[EventType "team-tourn"]
[EventRounds "9"]
[EventCountry "GER"]
[SourceTitle "EXT 2022"]
[Source "ChessBase"]
[SourceDate "2021.10.06"]
[SourceVersion "1"]
[SourceVersionDate "2021.10.06"]
[SourceQuality "1"]
[WhiteTeam "Essen SK Germania Kupferdreh"]
[BlackTeam "Eichlinghofen SV"]
[WhiteTeamCountry "GER"]
[BlackTeamCountry "GER"]

1. d4 g6 2. e4 Bg7 3. Nf3 c5 4. c3 cxd4 5. cxd4 d6 6. Nc3 Nf6 7. Be2 0-0 8. 0-0 Bg4 9. h3 Bxf3 10. Bxf3 Nc6 11. Be3 h6 12. a3 a6 13. b4 Nd7 14. Be2 Rc8 15. Rc1 b5 16. f3 Kh7 17. Qd2 Ncb8 18. Nd5 e6 19. Rxc8 Qxc8 20. Rc1 Qd8 21. Nc3 Nb6 22. Nd1 d5 23. e5 Nc4 24. Qa2 Nxe3 25. Nxe3 Qb6 26. Qd2 Nc6 27. Nc2 Nxe5 28. Kh1 Nc4 29. Bxc4 dxc4 30. d5 Qd6 31. Ne3 h5 32. Rd1 Bh6 33. Qe2 Qe5 34. d6 Qxe3 35. Qxe3 Bxe3 36. d7 Rd8 0-1

[Event "NRW Verbandsklasse Group2 1314"]
[Site "Nordrheinwestfalen"]
[Date "2014.02.16"]
[Round "7.7"]
[White "Kurapkat, Werner"]
[Black "Rotthaus, Peter"]
[Result "1-0"]
[WhiteElo "1829"]
[BlackElo "1533"]
[PlyCount "85"]
[EventDate "2013.09.08"]
[EventType "team-tourn"]
[EventRounds "9"]
[EventCountry "GER"]
[SourceTitle "EXT 2020"]
[Source "ChessBase"]
[SourceDate "2019.10.17"]
[SourceVersion "1"]
[SourceVersionDate "2019.10.17"]
[SourceQuality "1"]
[WhiteTeam "Kirchhellen SF"]
[BlackTeam "Germania Kupferdreh"]
[WhiteTeamCountry "GER"]
[BlackTeamCountry "GER"]

1. d4 g6 2. c4 Bg7 3. Nc3 Nf6 4. Nf3 d6 5. e4 b6 6. Bd3 Bb7 7. 0-0 0-0 8. Bg5 Nbd7 9. Qd2 c5 10. d5 a6 11. Rae1 Qc7 12. h3 e5 13. Nh2 Ne8 14. Be7 Nef6 15. Bxf8 Rxf8 16. Ne2 Bc8 17. Ng3 h5 18. Qd1 Qd8 19. Qc1 Kh7 20. Nf3 Bh6 21. Qc2 Ng8 22. h4 f6 23. a3 a5 24. Rb1 Rf7 25. b4 axb4 26. axb4 Bf8 27. Rb2 Nh6 28. Ra1 Ng4 29. bxc5 bxc5 30. Ra7 Kg7 31. Qa4 Kg8 32. Qc6 Be7 33. Ra8 Rf8 34. Bc2 f5 35. exf5 Bxh4 36. Rxc8 Qxc8 37. Qxc8 Rxc8 38. Nxh4 g5 39. Nf3 h4 40. Ne4 Ra8 41. Nfxg5 Ra1+ 42. Rb1 Ra2 43. Bd1 1-0

[Event "NRW Verbandsklasse Group2 1314"]
[Site "Nordrheinwestfalen"]
[Date "2013.09.08"]
[Round "1.7"]
[White "Reiter, Brigitte"]
[Black "Rotthaus, Peter"]
[Result "1-0"]
[WhiteElo "1718"]
[BlackElo "1533"]
[PlyCount "73"]
[EventDate "2013.09.08"]
[EventType "team-tourn"]
[EventRounds "9"]
[EventCountry "GER"]
[SourceTitle "EXT 2020"]
[Source "ChessBase"]
[SourceDate "2019.10.17"]
[SourceVersion "1"]
[SourceVersionDate "2019.10.17"]
[SourceQuality "1"]
[WhiteTeam "Muelheim Nord IV"]
[BlackTeam "Germania Kupferdreh"]
[WhiteTeamCountry "GER"]
[BlackTeamCountry "GER"]

1. d4 g6 2. Nf3 Bg7 3. Bf4 Nf6 4. e3 d6 5. Nbd2 c6 6. c3 Nbd7 7. Bc4 b5 8. Bb3 0-0 9. h3 Bb7 10. 0-0 c5 11. Re1 c4 12. Bc2 d5 13. Ne5 Nxe5 14. Bxe5 Nd7 15. Bxg7 Kxg7 16. f4 f5 17. Nf3 h6 18. Qe2 e6 19. Qf2 a5 20. a3 Qe7 21. g4 Kh7 22. Qg3 Rf7 23. Kf2 a4 24. Rg1 Rg7 25. Rg2 Rag8 26. Rag1 Bc8 27. Qh2 Qf7 28. h4 Qe8 29. h5 Nf6 30. hxg6+ Rxg6 31. Ne5 R6g7 32. Rh1 h5 33. g5 Kh8 34. Kf1 Nd7 35. g6 Re7 36. Qxh5+ Kg7 37. Qh6+ 1-0